| 000 | 00623nam a2200217Ia 4500 | ||
|---|---|---|---|
| 005 | 20250923150154.0 | ||
| 008 | 008 250917s9999 xx 000 0 eng d | ||
| 037 | _aTextual | ||
| 040 |
_aDSWL _beng _cDSWL |
||
| 041 |
_aeng _2eng |
||
| 084 |
_aX:991, P03 _qDSWL |
||
| 100 |
_aBratton, John _9843028 |
||
| 245 | 0 |
_aHuman resource management : Theory & practice _cby John Bratton |
|
| 260 |
_aHoundmills _bPalgrave USA _c2003 |
||
| 300 | _a540p. | ||
| 365 |
_aINR _b889 . 91 |
||
| 650 |
_a Jeffrey GOLD _9843029 |
||
| 925 | _g889 . 91 | ||
| 942 |
_cTEXL _hX:991, P03 |
||
| 999 |
_c1460390 _d1460390 |
||